000 01013nam a2200313 i 4500
003 EG-GICUC
005 20260418141724.0
008 260418s1971 fr ||||fr|||| 00| 0 fre d
040 _aEG-GiCUC
_bfre
_cEG-GiCUC
_dEG-GiCUC
_eRda
041 0 _afre
082 0 4 _221
_a343.93
_bLG . A
092 0 4 _221
099 _aLaw1 10 343.93 LG . A 1971
100 0 _a Levasseur . Georges
_eAuteur
245 1 0 _aArchives Philosophie Du Droit :
_bLe Droit Investi Par La Politique .
_nTome Xvi /
_cGeorges Levasseur .
264 1 _aParis :
_bLe Concours Du C.N.R.S,
_c1971.
264 3 _aParis :
_bÊditions Sirey,
_c1971.
300 _a130-150 page ;
_c 24 cm.
336 _2rda contenu
_a texte
337 _2rda medias
_aOrdinateur
338 _2 transporteur rda
_a Ressource en ligne
504 _a
546 _aTexte en français
650 1 _aLa Politique Criminelle
_2qrmak
651 1 _2qrmak
856 4 0 _uhttps://fll.law.cu.edu.eg/fulltext/bks/B10-09154.pdf
905 _a165
942 _2ddc
_cBK
_e21
_n0
999 _c71653
_d71653